UM Logo

Assessment of budget allocation and utilization of local disaster risk reduction and management fund (LDRRMF) / (Record no. 23489)

MARC details
000 -LEADER
fixed length control field 01875nam a22001697a 4500
005 - DATE AND TIME OF LATEST TRANSACTION
control field 20250821132218.0
008 - FIXED-LENGTH DATA ELEMENTS--GENERAL INFORMATION
fixed length control field 250218b |||||||| |||| 00| 0 eng d
082 ## - DEWEY DECIMAL CLASSIFICATION NUMBER
Edition number 2024
Classification number UT
100 ## - MAIN ENTRY--PERSONAL NAME
Personal name Carin, Kessa Lorraine R.
9 (RLIN) 65456
245 ## - TITLE STATEMENT
Title Assessment of budget allocation and utilization of local disaster risk reduction and management fund (LDRRMF) /
Statement of responsibility, etc. Kessa Lorraine R. Carin, and Ana Boneta P. Pantinople
260 ## - PUBLICATION, DISTRIBUTION, ETC. (IMPRINT)
Place of publication, distribution, etc. Digos City :
Name of publisher, distributor, etc. UMDC,
Date of publication, distribution, etc. ©March 2024.
300 ## - PHYSICAL DESCRIPTION
Extent vii, 120 pages :
Other physical details illustration (some colors) ;
Dimensions 29 cm.
500 ## - GENERAL NOTE
General note Includes references and appendices.
520 ## - SUMMARY, ETC.
Summary, etc. The occurrence of disasters at unpredictable intervals underscores the necessity for governments to allocate resources towards preventing and mitigating adverse effects and aiding recovery efforts. This research aims to determine the budget allocation for Local Disaster Risk Reduction and Management Fund (LDRRMF) for years 2020, 2021, and 2022 and determine how these funds are utilized annually ensuring that they are in accordance with the law and regulations. Utilization reports for the LDRRMF were formally requested from Local Government Units in Davao del Sur, excluding Municipalities of Hagonoy and Matanao. The findings reveal a consistent annual increase in current appropriations, with expenditures directed towards direct disaster response, other related expenses, general services, capital expenditures, and personnel services in compliance with the PDRRM Act of 2010 and JMC No. 2013-1. Overall, LGUs are encouraged to consistently update their utilization report in both printed and digital format posted in Full Disclosure Policy Board and respective government website as this research intends to raise public awareness and foster transparency and accountability among LGUs in disaster management.
700 ## - ADDED ENTRY--PERSONAL NAME
Personal name Pantinople, Ana Boneta P.
9 (RLIN) 65457
942 ## - ADDED ENTRY ELEMENTS (KOHA)
Source of classification or shelving scheme Dewey Decimal Classification
Koha item type Undergraduate Thesis
Holdings
Withdrawn status Lost status Source of classification or shelving scheme Damaged status Not for loan Home library Current library Date acquired Total Checkouts Full call number Date last seen Price effective from Koha item type
    Dewey Decimal Classification     UM Digos College - LIC UM Digos College - LIC 05/10/2024   UT 02/18/2025 02/18/2025 Undergraduate Thesis